FARC-EP Insurgencia, terrorismo y narcotrf̀ico en Colombia /

Bibliographic Details
Main Author: Contreras, Jaime
Format: eBook
Language:Spanish
Published: Madrid: Dykinson, 2018
Subjects:
Online Access:Acceso restringido

MARC

LEADER 00000nam a22000007a 4500
005 2019021904054.0
007 cr|||| ||||
008 190219s2018 es |||||s|||| 00||0 spa d
020 |a 978-84-9148-887-3 
035 |a 22752 
040 |a vLex 
090 |c 8464  |d 8464 
100 1 |a Contreras, Jaime 
245 1 0 |a FARC-EP  |h [Recurso electrn̤ico] :  |b Insurgencia, terrorismo y narcotrf̀ico en Colombia /  |c Jaime Contreras 
256 |a Servicio en ln̕ea 
260 |a Madrid:  |b Dykinson,  |c 2018 
300 |a 1 recurso electrn̤ico 
506 1 |a Disponible solo en los productos indicados  |d vLex Global  |d vLex Global (Academic Edition, excluding Law Schools)  |d vLex Global (U.S. Academic Edition, Law Schools)  |d vLex Global (U.S. Academic Edition, excluding Law Schools)  |d vLex Global (Academic Edition, Law Schools) 
650 0 4 |a Ciencia polt̕ica  |z Espaą 
740 0 |a vLex Libros (Servicio en ln̕ea) 
856 4 0 |u http://vlex.com/source/farc-ep-insurgencia-terrorismo-narcotrafico-colombia-22752  |z Acceso restringido 
942 |c BOOK 
999 0 |a Politic science